00420pab a2200145 454500008004000000100002100040245009800061260000900159300001500168362000800183650001500191700001800206700002300224773002700247180718b2003 xxu||||| |||| 00| 0 eng d aAllard, Scott W. aThe geography of need: spatial distribution of barriers to employment in metropolitan Detroit c2003 ap.293-307. aAug aEmployment aRosen, Daniel aTolman, Richard M. aPolicy Studies Journal